[Event "C10Blitz"]
[Site "?"]
[Date "2021.08.30"]
[Round "13.1"]
[White "Pelczarski, Wojciech"]
[Black "Rozanski, Mateusz"]
[Result "0-1"]
[BlackElo "1475"]
[WhiteElo "1337"]
[LiveChessVersion "1.4.4"]

1. d4 {[%clk 0:03:04]} Nf6 {[%clk 0:03:03]} 2. Nf3 {[%clk 0:03:05]} g6
{[%clk 0:03:04]} 3. c4 {[%clk 0:03:06]} Bg7 {[%clk 0:03:05]} 4. Bg5
{[%clk 0:03:06]} O-O {[%clk 0:03:05]} 5. e3 {[%clk 0:03:07]} d6 {[%clk 0:03:05]}
6. Nc3 {[%clk 0:03:08]} h6 {[%clk 0:03:05]} 7. Bh4 {[%clk 0:03:09]} a5
{[%clk 0:03:03]} 8. Bd3 {[%clk 0:03:07]} Nc6 {[%clk 0:02:57]} 9. O-O
{[%clk 0:03:07]} Bg4 {[%clk 0:02:57]} 10. h3 {[%clk 0:03:07]} Bxf3
{[%clk 0:02:58]} 11. Qxf3 {[%clk 0:03:07]} g5 {[%clk 0:02:53]} 12. Bg3
{[%clk 0:03:07]} e5 {[%clk 0:02:53]} 13. dxe5 {[%clk 0:03:05]} dxe5
{[%clk 0:02:54]} 14. Rad1 {[%clk 0:03:02]} Qe7 {[%clk 0:02:35]} 15. Qf5
{[%clk 0:02:59]} Rfd8 {[%clk 0:02:24]} 16. Ne4 {[%clk 0:02:53]} Nxe4
{[%clk 0:02:16]} 17. Bxe4 {[%clk 0:02:53]} Qf6 {[%clk 0:02:17]} 18. Qh7+
{[%clk 0:02:53]} Kf8 {[%clk 0:02:17]} 19. Rd5 {[%clk 0:02:30]} Rxd5
{[%clk 0:02:11]} 20. Bxd5 {[%clk 0:02:28]} Ne7 {[%clk 0:02:11]} 21. Qe4
{[%clk 0:02:19]} c6 {[%clk 0:02:12]} 22. Bxc6 {[%clk 0:02:10]} Qxc6
{[%clk 0:02:12]} 23. Qd3 {[%clk 0:02:02]} Rc8 {[%clk 0:02:08]} 24. Rd1
{[%clk 0:01:58]} Kg8 {[%clk 0:02:08]} 25. b3 {[%clk 0:01:50]} Ng6
{[%clk 0:02:03]} 26. Qf5 {[%clk 0:01:42]} Ne7 {[%clk 0:01:56]} 27. Qd7
{[%clk 0:01:32]} Ng6 {[%clk 0:01:33]} 28. Qf5 {[%clk 0:01:27]} Re8
{[%clk 0:01:26]} 29. Rd7 {[%clk 0:01:15]} Ne7 {[%clk 0:01:26]} 30. Rxe7
{[%clk 0:00:58]} Rxe7 {[%clk 0:01:27]} 31. e4 {[%clk 0:00:57]} Rd7
{[%clk 0:01:25]} 32. Bxe5 {[%clk 0:00:45]} Rd1+ {[%clk 0:01:22]} 33. Kh2
{[%clk 0:00:46]} Bxe5+ {[%clk 0:01:22]} 34. g3 {[%clk 0:00:44]} Qf6
{[%clk 0:01:21]} 35. Qc8+ {[%clk 0:00:41]} Kg7 {[%clk 0:01:21]} 36. Kg2
{[%clk 0:00:42]} Rd2 {[%clk 0:01:21]} 37. Qc5 {[%clk 0:00:38]} Bd4
{[%clk 0:01:20]} 0-1

[Event "C10Blitz"]
[Site "?"]
[Date "2021.08.30"]
[Round "13.2"]
[White "Gibala, Adam"]
[Black "Pekala, Dawid"]
[Result "1-0"]
[BlackElo "1106"]
[WhiteElo "1223"]
[LiveChessVersion "1.4.4"]

1. d4 {[%clk 0:03:03]} Nf6 {[%clk 0:03:02]} 2. c4 {[%clk 0:03:04]} e6
{[%clk 0:03:03]} 3. Nf3 {[%clk 0:03:04]} b6 {[%clk 0:03:04]} 4. g3
{[%clk 0:03:04]} Bb7 5. Bg2 {[%clk 0:03:05]} d6 {[%clk 0:02:52]} 6. O-O
{[%clk 0:03:05]} Nbd7 {[%clk 0:02:52]} 7. Nc3 {[%clk 0:03:05]} Be7
{[%clk 0:02:50]} 8. Re1 {[%clk 0:03:06]} c5 {[%clk 0:02:25]} 9. d5
{[%clk 0:03:01]} e5 {[%clk 0:02:11]} 10. e4 {[%clk 0:02:58]} O-O {[%clk 0:02:10]}
11. Be3 {[%clk 0:02:58]} a6 {[%clk 0:02:08]} 12. a4 {[%clk 0:02:56]} h6
{[%clk 0:02:02]} 13. Nd2 {[%clk 0:02:54]} Re8 {[%clk 0:01:59]} 14. Rb1
{[%clk 0:02:45]} Qc7 {[%clk 0:01:56]} 15. Kh1 {[%clk 0:02:38]} Rab8
{[%clk 0:01:47]} 16. f4 {[%clk 0:02:36]} exf4 {[%clk 0:01:43]} 17. gxf4
{[%clk 0:02:32]} Bf8 {[%clk 0:01:44]} 18. Bf2 {[%clk 0:02:28]} Ba8
{[%clk 0:01:18]} 19. Bg3 {[%clk 0:02:19]} Nh7 {[%clk 0:00:48]} 20. Nf3
{[%clk 0:02:14]} b5 {[%clk 0:00:32]} 21. axb5 {[%clk 0:02:14]} axb5
{[%clk 0:00:33]} 22. Nxb5 {[%clk 0:02:15]} Qa5 {[%clk 0:00:29]} 23. Qd2
{[%clk 0:02:02]} Qxd2 {[%clk 0:00:29]} 24. Nxd2 {[%clk 0:02:03]} Nb6
{[%clk 0:00:19]} 25. e5 {[%clk 0:01:54]} dxe5 {[%clk 0:00:19]} 26. fxe5
{[%clk 0:01:55]} Ng5 {[%clk 0:00:20]} 27. h4 {[%clk 0:01:54]} Nh7
{[%clk 0:00:20]} 28. Nc7 {[%clk 0:01:43]} Rec8 {[%clk 0:00:19]} 29. d6
{[%clk 0:01:44]} Bxg2+ {[%clk 0:00:18]} 30. Kxg2 {[%clk 0:01:45]} Rd8
{[%clk 0:00:13]} 31. Rbc1 {[%clk 0:01:42]} Na4 {[%clk 0:00:11]} 32. b3
{[%clk 0:01:43]} Nb6 {[%clk 0:00:11]} 33. Ne4 {[%clk 0:01:42]} Nd7
{[%clk 0:00:09]} 34. Rb1 {[%clk 0:01:42]} Rb7 35. Nc3 {[%clk 0:01:38]} Rdb8
{[%clk 0:00:08]} 36. N3b5 {[%clk 0:01:36]} Rd8 {[%clk 0:00:04]} 37. Rbd1
{[%clk 0:01:31]} Rbb8 {[%clk 0:00:05]} 38. Bf4 {[%clk 0:01:27]} Nb6
{[%clk 0:00:03]} 39. Be3 {[%clk 0:01:24]} Nd7 {[%clk 0:00:04]} 40. Rd5
{[%clk 0:01:23]} Rbc8 {[%clk 0:00:03]} 41. Bxc5 {[%clk 0:01:22]} Nxc5
{[%clk 0:00:05]} 42. Rxc5 {[%clk 0:01:23]} Rd7 {[%clk 0:00:03]} 43. Rd5 Rcd8 1-0

[Event "C10Blitz"]
[Site "?"]
[Date "2021.08.30"]
[Round "13.3"]
[White "Kisiel, Wiktor"]
[Black "Obrycki, Tomasz"]
[Result "0-1"]
[BlackElo "1325"]
[WhiteElo "1276"]
[LiveChessVersion "1.4.4"]

1. e4 {[%clk 0:03:03]} c5 {[%clk 0:03:02]} 2. f4 {[%clk 0:03:04]} e6
{[%clk 0:03:02]} 3. Nf3 {[%clk 0:03:03]} Nc6 {[%clk 0:03:01]} 4. d3
{[%clk 0:03:04]} a6 {[%clk 0:03:01]} 5. c3 {[%clk 0:03:05]} d6 {[%clk 0:02:49]}
6. Be2 {[%clk 0:03:05]} Be7 {[%clk 0:02:50]} 7. O-O {[%clk 0:03:06]} Nf6
{[%clk 0:02:51]} 8. Qe1 {[%clk 0:03:05]} O-O {[%clk 0:02:25]} 9. Na3
{[%clk 0:02:40]} b5 {[%clk 0:02:12]} 10. Nc2 {[%clk 0:02:40]} Kh8
{[%clk 0:02:01]} 11. Qg3 {[%clk 0:02:21]} Qc7 {[%clk 0:01:50]} 12. h4
{[%clk 0:02:09]} Rg8 {[%clk 0:01:24]} 13. Nh2 {[%clk 0:02:02]} e5
{[%clk 0:01:22]} 14. f5 {[%clk 0:02:00]} d5 {[%clk 0:01:23]} 15. Ng4
{[%clk 0:01:41]} dxe4 {[%clk 0:01:14]} 16. Nxf6 {[%clk 0:01:14]} Bxf6
{[%clk 0:01:15]} 17. dxe4 {[%clk 0:01:13]} Qe7 {[%clk 0:01:09]} 18. h5
{[%clk 0:01:08]} h6 {[%clk 0:01:01]} 19. Be3 {[%clk 0:00:52]} Nd8
{[%clk 0:00:44]} 20. Rad1 {[%clk 0:00:49]} Nb7 {[%clk 0:00:43]} 21. Rd2
{[%clk 0:00:43]} Bd7 {[%clk 0:00:37]} 22. Rfd1 {[%clk 0:00:43]} Bc6
{[%clk 0:00:37]} 23. Bf3 {[%clk 0:00:37]} Rgd8 {[%clk 0:00:36]} 24. Rxd8+
{[%clk 0:00:34]} Rxd8 {[%clk 0:00:37]} 25. Rxd8+ {[%clk 0:00:34]} Qxd8
{[%clk 0:00:39]} 26. Qf2 {[%clk 0:00:27]} Qd6 {[%clk 0:00:34]} 27. Qd2
{[%clk 0:00:19]} Qxd2 {[%clk 0:00:21]} 28. Bxd2 {[%clk 0:00:19]} Nd6
{[%clk 0:00:21]} 29. Be3 {[%clk 0:00:11]} c4 {[%clk 0:00:18]} 30. Bc5
{[%clk 0:00:07]} Nxe4 {[%clk 0:00:15]} 31. Bb6 {[%clk 0:00:06]} Kg8
{[%clk 0:00:08]} 32. Kf1 {[%clk 0:00:04]} Nd2+ 33. Ke2 Nxf3 {[%clk 0:00:06]} 34.
gxf3 {[%clk 0:00:06]} e4 {[%clk 0:00:07]} 35. fxe4 {[%clk 0:00:06]} Bxe4
{[%clk 0:00:08]} 36. Nd4 {[%clk 0:00:05]} Bxd4 {[%clk 0:00:09]} 37. Bxd4
{[%clk 0:00:06]} Bxf5 38. Kf2 {[%clk 0:00:05]} Bb1 {[%clk 0:00:09]} 39. a3
{[%clk 0:00:05]} f6 {[%clk 0:00:09]} 40. Kg3 {[%clk 0:00:05]} Kf7 41. Kh4
{[%clk 0:00:05]} Ke6 {[%clk 0:00:11]} 42. Kg3 {[%clk 0:00:05]} Bd3
{[%clk 0:00:11]} 43. Kf4 {[%clk 0:00:06]} Be2 {[%clk 0:00:12]} 44. Kg3
{[%clk 0:00:05]} Bxh5 {[%clk 0:00:13]} 45. Kh4 {[%clk 0:00:06]} Bd1
{[%clk 0:00:14]} 46. Bc5 {[%clk 0:00:06]} g5+ {[%clk 0:00:16]} 47. Kg3
{[%clk 0:00:06]} h5 {[%clk 0:00:16]} 48. Bf8 {[%clk 0:00:06]} h4+ 49. Kh3
{[%clk 0:00:05]} Kf5 {[%clk 0:00:12]} 50. Be7 {[%clk 0:00:04]} Ke5
{[%clk 0:00:11]} 51. Bc5 f5 {[%clk 0:00:10]} 52. Bb6 {[%clk 0:00:06]} Bg4+
{[%clk 0:00:10]} 53. Kg2 {[%clk 0:00:07]} f4 {[%clk 0:00:09]} 54. Bc7+
{[%clk 0:00:08]} Ke4 {[%clk 0:00:09]} 55. Bd8 {[%clk 0:00:09]} Kf5
{[%clk 0:00:10]} 56. Bc7 {[%clk 0:00:10]} Bh5 {[%clk 0:00:10]} 57. Bd6
{[%clk 0:00:09]} g4 {[%clk 0:00:11]} 58. Kg1 {[%clk 0:00:10]} g3 {[%clk 0:00:11]}
59. Kg2 {[%clk 0:00:12]} Bg4 {[%clk 0:00:11]} 60. Bc7 {[%clk 0:00:12]} f3+
{[%clk 0:00:12]} 61. Kg1 {[%clk 0:00:13]} f2+ {[%clk 0:00:11]} 62. Kf1
{[%clk 0:00:14]} Bh3+ {[%clk 0:00:12]} 63. Ke2 {[%clk 0:00:14]} f1=Q+
{[%clk 0:00:13]} 0-1

[Event "C10Blitz"]
[Site "?"]
[Date "2021.08.30"]
[Round "13.4"]
[White "Karaszewski, Gabriel"]
[Black "Golis, Wiktor"]
[Result "0-1"]
[BlackElo "1360"]
[WhiteElo "1261"]
[LiveChessVersion "1.4.4"]

1. e4 {[%clk 0:03:04]} c5 {[%clk 0:03:04]} 2. d4 {[%clk 0:03:05]} Nf6
{[%clk 0:03:04]} 3. e5 {[%clk 0:03:01]} Nd5 {[%clk 0:03:05]} 4. c4
{[%clk 0:03:02]} Nb4 {[%clk 0:02:38]} 5. dxc5 {[%clk 0:02:48]} e6
{[%clk 0:02:33]} 6. Be3 {[%clk 0:02:31]} N4c6 {[%clk 0:02:29]} 7. Nf3
{[%clk 0:02:30]} Qc7 {[%clk 0:02:21]} 8. Nc3 {[%clk 0:02:00]} Nxe5
{[%clk 0:01:30]} 9. b4 {[%clk 0:01:11]} Nxf3+ {[%clk 0:01:18]} 10. Qxf3
{[%clk 0:01:11]} Nc6 {[%clk 0:01:16]} 11. Bf4 {[%clk 0:00:49]} Qd8
{[%clk 0:00:55]} 12. Nb5 {[%clk 0:00:42]} e5 {[%clk 0:00:48]} 13. Qe2
{[%clk 0:00:20]} a6 {[%clk 0:00:27]} 14. Nd6+ {[%clk 0:00:13]} Bxd6
{[%clk 0:00:26]} 15. cxd6 {[%clk 0:00:12]} O-O {[%clk 0:00:23]} 16. Bd2
{[%clk 0:00:07]} Nd4 {[%clk 0:00:21]} 17. Qe4 {[%clk 0:00:07]} f5
{[%clk 0:00:14]} 18. Qd5+ {[%clk 0:00:06]} Kh8 {[%clk 0:00:15]} 19. Bd3
{[%clk 0:00:07]} Qf6 {[%clk 0:00:11]} 20. O-O {[%clk 0:00:07]} e4
{[%clk 0:00:11]} 21. Bb1 {[%clk 0:00:07]} Ne6 {[%clk 0:00:11]} 22. Bc2
{[%clk 0:00:07]} Rb8 {[%clk 0:00:10]} 23. Be3 {[%clk 0:00:05]} b5
{[%clk 0:00:10]} 24. c5 {[%clk 0:00:05]} Bb7 {[%clk 0:00:11]} 25. Qd2
{[%clk 0:00:06]} f4 {[%clk 0:00:10]} 26. Bxe4 {[%clk 0:00:03]} Bxe4
{[%clk 0:00:10]} 27. Bd4 {[%clk 0:00:03]} Qxd4 {[%clk 0:00:11]} 28. Qxd4
{[%clk 0:00:04]} Nxd4 {[%clk 0:00:12]} 29. Rfe1 {[%clk 0:00:05]} Nc2
{[%clk 0:00:13]} 30. Rxe4 {[%clk 0:00:06]} Nxa1 {[%clk 0:00:14]} 31. Re2
{[%clk 0:00:06]} Rbe8 {[%clk 0:00:14]} 32. Rb2 {[%clk 0:00:07]} Re1#
{[%clk 0:00:15]} 0-1

[Event "C10Blitz"]
[Site "?"]
[Date "2021.08.30"]
[Round "13.5"]
[White "Witczak, Borys"]
[Black "Radzimski, Antoni"]
[Result "1/2-1/2"]
[BlackElo "1510"]
[WhiteElo "1220"]
[LiveChessVersion "1.4.4"]

1. e4 {[%clk 0:03:03]} e5 {[%clk 0:03:04]} 2. Nf3 {[%clk 0:03:04]} Nc6
{[%clk 0:03:05]} 3. d4 {[%clk 0:03:05]} exd4 {[%clk 0:03:05]} 4. Nxd4
{[%clk 0:03:06]} Nf6 {[%clk 0:03:05]} 5. Nxc6 {[%clk 0:03:04]} bxc6
{[%clk 0:03:06]} 6. e5 {[%clk 0:03:05]} Nd5 {[%clk 0:03:08]} 7. c4
{[%clk 0:03:03]} Nb6 {[%clk 0:03:09]} 8. Bd3 {[%clk 0:02:48]} d6 {[%clk 0:03:02]}
9. exd6 {[%clk 0:02:43]} Bxd6 {[%clk 0:02:54]} 10. O-O {[%clk 0:02:39]} O-O
{[%clk 0:02:54]} 11. Be3 {[%clk 0:02:13]} Nd7 {[%clk 0:02:40]} 12. Nc3
{[%clk 0:02:06]} Bb7 {[%clk 0:02:38]} 13. Be4 {[%clk 0:01:31]} Nf6
{[%clk 0:02:11]} 14. Qf3 {[%clk 0:01:23]} Nxe4 {[%clk 0:01:57]} 15. Qxe4
{[%clk 0:01:13]} Rb8 {[%clk 0:01:56]} 16. c5 {[%clk 0:00:54]} Be7 17. Rfd1
{[%clk 0:00:49]} Qe8 {[%clk 0:01:47]} 18. Qg4 {[%clk 0:00:36]} Bf6
{[%clk 0:01:31]} 19. Rac1 {[%clk 0:00:28]} Bc8 {[%clk 0:01:24]} 20. Qe2
{[%clk 0:00:20]} Qe6 {[%clk 0:01:17]} 21. b3 {[%clk 0:00:14]} Re8
{[%clk 0:01:11]} 22. Qd3 {[%clk 0:00:06]} Qf5 {[%clk 0:01:02]} 23. Qxf5
{[%clk 0:00:05]} Bxf5 {[%clk 0:01:02]} 24. Ne2 {[%clk 0:00:06]} Bg4
{[%clk 0:01:01]} 25. Rd2 {[%clk 0:00:05]} Rbd8 {[%clk 0:00:55]} 26. Rxd8
{[%clk 0:00:05]} Rxd8 {[%clk 0:00:56]} 27. Ng3 {[%clk 0:00:05]} Bd4
{[%clk 0:00:51]} 28. Bxd4 {[%clk 0:00:06]} Rxd4 {[%clk 0:00:51]} 29. Re1
{[%clk 0:00:06]} Kf8 {[%clk 0:00:46]} 30. f3 {[%clk 0:00:07]} Be6
{[%clk 0:00:44]} 31. Re2 {[%clk 0:00:08]} Rd5 {[%clk 0:00:42]} 32. Rc2
{[%clk 0:00:09]} g6 {[%clk 0:00:40]} 33. Ne4 {[%clk 0:00:08]} Bf5
{[%clk 0:00:39]} 34. Rc4 Bxe4 {[%clk 0:00:37]} 35. fxe4 {[%clk 0:00:05]} Rd1+
{[%clk 0:00:38]} 36. Kf2 {[%clk 0:00:06]} Rd2+ {[%clk 0:00:39]} 37. Kf3
{[%clk 0:00:06]} Rxa2 {[%clk 0:00:40]} 38. Rb4 {[%clk 0:00:06]} Rc2
{[%clk 0:00:38]} 39. Rb7 {[%clk 0:00:07]} Rxc5 {[%clk 0:00:37]} 40. Rxa7
{[%clk 0:00:08]} Rb5 {[%clk 0:00:38]} 41. Rxc7 {[%clk 0:00:08]} Rxb3+
{[%clk 0:00:39]} 42. Kf4 {[%clk 0:00:09]} Rc3 {[%clk 0:00:40]} 43. Ke5
{[%clk 0:00:08]} Rc2 {[%clk 0:00:39]} 44. g3 {[%clk 0:00:05]} Rxh2
{[%clk 0:00:34]} 45. Rxc6 {[%clk 0:00:06]} Rh3 {[%clk 0:00:34]} 46. Kf4
{[%clk 0:00:07]} Rh1 {[%clk 0:00:33]} 47. Kg4 {[%clk 0:00:07]} Re1
{[%clk 0:00:34]} 48. Kf4 {[%clk 0:00:08]} Kg7 {[%clk 0:00:34]} 49. Rc7
{[%clk 0:00:08]} Kf6 {[%clk 0:00:33]} 50. g4 {[%clk 0:00:09]} Rf1+
{[%clk 0:00:32]} 51. Kg3 {[%clk 0:00:08]} Ke5 {[%clk 0:00:30]} 52. Re7+
{[%clk 0:00:08]} Kd4 {[%clk 0:00:30]} 53. Kh4 {[%clk 0:00:08]} h6
{[%clk 0:00:30]} 54. Kg3 {[%clk 0:00:09]} Rf6 {[%clk 0:00:29]} 55. Kh3
{[%clk 0:00:07]} g5 {[%clk 0:00:29]} 56. Kg3 {[%clk 0:00:08]} Rf4
{[%clk 0:00:30]} 57. e5 {[%clk 0:00:06]} Kd5 {[%clk 0:00:30]} 58. Re8
{[%clk 0:00:03]} Re4 {[%clk 0:00:23]} 59. Rh8 {[%clk 0:00:04]} Rxe5
{[%clk 0:00:23]} 60. Rxh6 {[%clk 0:00:05]} Ke4 {[%clk 0:00:20]} 61. Rf6
{[%clk 0:00:06]} Re7 {[%clk 0:00:21]} 62. Rf5 {[%clk 0:00:06]} 1/2-1/2

[Event "C10Blitz"]
[Site "?"]
[Date "2021.08.30"]
[Round "13.6"]
[White "Rutkowski, Feliks"]
[Black "Chiszko, Oskar"]
[Result "0-1"]
[BlackElo "1373"]
[WhiteElo "1169"]
[LiveChessVersion "1.4.4"]

1. e4 {[%clk 0:03:03]} c5 {[%clk 0:03:04]} 2. Nc3 {[%clk 0:03:02]} d6
{[%clk 0:03:04]} 3. Bc4 {[%clk 0:03:01]} Nf6 {[%clk 0:03:04]} 4. f4
{[%clk 0:03:01]} e6 {[%clk 0:03:01]} 5. d3 {[%clk 0:02:50]} a6 {[%clk 0:03:02]}
6. a4 {[%clk 0:02:50]} Be7 {[%clk 0:03:02]} 7. Nf3 {[%clk 0:02:50]} O-O
{[%clk 0:03:03]} 8. O-O {[%clk 0:02:49]} d5 {[%clk 0:03:04]} 9. exd5
{[%clk 0:02:48]} exd5 {[%clk 0:03:05]} 10. Bb3 {[%clk 0:02:45]} Bg4
{[%clk 0:02:51]} 11. Qe1 {[%clk 0:02:40]} Bxf3 {[%clk 0:02:45]} 12. Rxf3
{[%clk 0:02:39]} Re8 {[%clk 0:02:46]} 13. Qg3 {[%clk 0:02:22]} Nc6
{[%clk 0:02:38]} 14. Bd2 {[%clk 0:02:16]} Nd4 {[%clk 0:02:36]} 15. Rff1
{[%clk 0:02:08]} Nxb3 {[%clk 0:02:32]} 16. cxb3 {[%clk 0:02:09]} Qb6
{[%clk 0:02:30]} 17. Qf3 {[%clk 0:01:45]} Rad8 {[%clk 0:02:25]} 18. Rf2
{[%clk 0:01:25]} c4 {[%clk 0:02:09]} 19. dxc4 {[%clk 0:01:05]} Bc5
{[%clk 0:02:05]} 20. Nd1 {[%clk 0:00:57]} Bxf2+ {[%clk 0:01:57]} 21. Qxf2
{[%clk 0:00:53]} Qxf2+ {[%clk 0:01:56]} 22. Nxf2 {[%clk 0:00:53]} dxc4
{[%clk 0:01:58]} 23. Bc3 {[%clk 0:00:47]} Nd5 {[%clk 0:01:45]} 24. bxc4
{[%clk 0:00:42]} Nxc3 {[%clk 0:01:46]} 25. bxc3 {[%clk 0:00:43]} Rc8
{[%clk 0:01:47]} 26. g3 {[%clk 0:00:28]} Rxc4 {[%clk 0:01:48]} 27. Rc1
{[%clk 0:00:22]} Rxa4 {[%clk 0:01:48]} 28. Rd1 {[%clk 0:00:19]} Rc4
{[%clk 0:01:48]} 29. Rc1 {[%clk 0:00:20]} b5 {[%clk 0:01:49]} 30. Ra1
{[%clk 0:00:18]} Rc6 {[%clk 0:01:44]} 31. Rc1 {[%clk 0:00:16]} h6
{[%clk 0:01:45]} 32. Kg2 {[%clk 0:00:13]} a5 {[%clk 0:01:47]} 33. Rb1
{[%clk 0:00:14]} Rb8 {[%clk 0:01:46]} 34. Ra1 {[%clk 0:00:14]} a4
{[%clk 0:01:47]} 35. Nd3 {[%clk 0:00:13]} Rxc3 {[%clk 0:01:48]} 36. Nb4
{[%clk 0:00:11]} Rb3 {[%clk 0:01:47]} 37. Nc6 {[%clk 0:00:10]} Re8
{[%clk 0:01:45]} 38. Kh3 {[%clk 0:00:10]} Re6 {[%clk 0:01:43]} 39. Na5
{[%clk 0:00:10]} Rb2 {[%clk 0:01:36]} 40. Nb7 {[%clk 0:00:07]} Ree2
{[%clk 0:01:37]} 41. Rh1 {[%clk 0:00:06]} a3 {[%clk 0:01:38]} 42. Nc5
{[%clk 0:00:05]} a2 {[%clk 0:01:39]} 43. Nb3 {[%clk 0:00:04]} Rxb3
{[%clk 0:01:40]} 0-1

[Event "C10Blitz"]
[Site "?"]
[Date "2021.08.30"]
[Round "13.8"]
[White "Korszanski, Stanislaw"]
[Black "Zawal, Krzysztof"]
[Result "0-1"]
[BlackElo "1165"]
[WhiteElo "1296"]
[LiveChessVersion "1.4.4"]

1. e4 {[%clk 0:03:03]} e6 {[%clk 0:03:03]} 2. d4 {[%clk 0:03:03]} d5
{[%clk 0:03:04]} 3. exd5 {[%clk 0:03:03]} exd5 {[%clk 0:03:05]} 4. c4
{[%clk 0:03:04]} Nf6 {[%clk 0:03:04]} 5. Nc3 {[%clk 0:03:05]} c6 {[%clk 0:03:02]}
6. cxd5 {[%clk 0:02:58]} cxd5 {[%clk 0:03:04]} 7. Nf3 {[%clk 0:02:58]} Nc6
{[%clk 0:03:04]} 8. Bd3 {[%clk 0:02:55]} Bg4 {[%clk 0:02:58]} 9. Be3
{[%clk 0:02:55]} Bb4 {[%clk 0:02:50]} 10. a3 {[%clk 0:02:54]} Bxc3+
{[%clk 0:02:48]} 11. bxc3 {[%clk 0:02:55]} Ne4 {[%clk 0:02:49]} 12. Qc2
{[%clk 0:02:36]} f5 {[%clk 0:02:45]} 13. h3 {[%clk 0:02:34]} Bh5 {[%clk 0:02:45]}
14. Be2 {[%clk 0:02:29]} Qa5 {[%clk 0:02:39]} 15. O-O {[%clk 0:02:16]} Qxc3
{[%clk 0:02:32]} 16. Qxc3 {[%clk 0:02:16]} Nxc3 17. Bd3 {[%clk 0:02:17]} Ne4
{[%clk 0:02:32]} 18. Rac1 {[%clk 0:02:17]} O-O {[%clk 0:02:25]} 19. Ne5
{[%clk 0:02:00]} Nxe5 {[%clk 0:02:10]} 20. dxe5 {[%clk 0:02:00]} f4
{[%clk 0:01:49]} 21. Bd4 {[%clk 0:01:57]} f3 {[%clk 0:01:47]} 22. g4
{[%clk 0:01:53]} Bg6 {[%clk 0:01:48]} 23. Bxe4 {[%clk 0:01:45]} dxe4
{[%clk 0:01:44]} 24. Rc7 {[%clk 0:01:45]} Rf7 {[%clk 0:01:41]} 25. Rfc1
{[%clk 0:01:42]} a6 {[%clk 0:01:17]} 26. e6 {[%clk 0:01:42]} Rxc7
{[%clk 0:00:44]} 27. Rxc7 {[%clk 0:01:42]} Re8 {[%clk 0:00:40]} 28. Rxg7+
{[%clk 0:01:19]} Kf8 {[%clk 0:00:40]} 29. Rxb7 {[%clk 0:01:08]} Rxe6
{[%clk 0:00:40]} 30. Kh2 {[%clk 0:01:04]} Ke8 {[%clk 0:00:23]} 31. Ra7
{[%clk 0:00:53]} h5 {[%clk 0:00:16]} 32. Kg3 {[%clk 0:00:47]} hxg4
{[%clk 0:00:17]} 33. Kxg4 {[%clk 0:00:47]} Rc6 {[%clk 0:00:15]} 34. Kg5
{[%clk 0:00:41]} Bf7 {[%clk 0:00:15]} 35. h4 {[%clk 0:00:41]} Rg6+
{[%clk 0:00:13]} 36. Kf5 {[%clk 0:00:39]} Re6 {[%clk 0:00:12]} 37. h5
{[%clk 0:00:38]} Rc6 {[%clk 0:00:06]} 38. Kg5 {[%clk 0:00:35]} Rd6
{[%clk 0:00:05]} 39. Be3 {[%clk 0:00:29]} Rd5+ {[%clk 0:00:03]} 40. Kh6
{[%clk 0:00:26]} Rxh5+ {[%clk 0:00:04]} 41. Kg7 {[%clk 0:00:26]} Rf5
{[%clk 0:00:04]} 42. Rxa6 {[%clk 0:00:25]} Ke7 {[%clk 0:00:04]} 43. Ra7+
{[%clk 0:00:25]} Ke6 {[%clk 0:00:06]} 44. Ra6+ {[%clk 0:00:25]} Ke7
{[%clk 0:00:04]} 45. a4 {[%clk 0:00:24]} Ke8 {[%clk 0:00:04]} 46. Ra7
{[%clk 0:00:24]} Rd5 {[%clk 0:00:04]} 47. a5 {[%clk 0:00:25]} Be6
{[%clk 0:00:04]} 48. a6 {[%clk 0:00:24]} Rd8 {[%clk 0:00:04]} 49. Kf6
{[%clk 0:00:23]} Bd7 {[%clk 0:00:03]} 50. Rb7 {[%clk 0:00:22]} Rc8
{[%clk 0:00:04]} 51. a7 {[%clk 0:00:22]} Rc6+ {[%clk 0:00:05]} 52. Ke5
{[%clk 0:00:21]} Re6+ {[%clk 0:00:06]} 53. Kd5 {[%clk 0:00:20]} Bc6+
{[%clk 0:00:06]} 54. Kxe6 {[%clk 0:00:19]} Bxb7 {[%clk 0:00:08]} 55. Kd6
{[%clk 0:00:20]} Kd8 {[%clk 0:00:09]} 56. Bb6+ {[%clk 0:00:18]} Kc8
{[%clk 0:00:09]} 57. Ke5 {[%clk 0:00:19]} Ba8 {[%clk 0:00:10]} 58. Be3
{[%clk 0:00:14]} Kd7 {[%clk 0:00:12]} 59. Kd4 {[%clk 0:00:14]} Ke6
{[%clk 0:00:13]} 60. Kc5 {[%clk 0:00:16]} Kd7 {[%clk 0:00:13]} 61. Kb6
{[%clk 0:00:16]} Kc8 {[%clk 0:00:15]} 62. Bf4 {[%clk 0:00:13]} Kd7
{[%clk 0:00:15]} 63. Be3 {[%clk 0:00:08]} Kc8 {[%clk 0:00:16]} 64. Ka6
{[%clk 0:00:06]} Kd7 {[%clk 0:00:18]} 65. Bb6 {[%clk 0:00:04]} Kc8
{[%clk 0:00:16]} 66. Kb5 {[%clk 0:00:05]} Kd7 {[%clk 0:00:18]} 67. Kc5
{[%clk 0:00:06]} Bb7 {[%clk 0:00:19]} 68. Kb5 {[%clk 0:00:07]} Ba8
{[%clk 0:00:20]} 69. Kc4 {[%clk 0:00:08]} Kc6 {[%clk 0:00:22]} 70. Bd4
{[%clk 0:00:08]} Kd6 {[%clk 0:00:22]} 71. Kb5 {[%clk 0:00:09]} Kd7
{[%clk 0:00:24]} 72. Kc5 {[%clk 0:00:10]} Kc7 {[%clk 0:00:25]} 73. Be3
{[%clk 0:00:10]} Kd7 {[%clk 0:00:25]} 74. Kd4 {[%clk 0:00:11]} Ke6
{[%clk 0:00:25]} 75. Bf4 {[%clk 0:00:10]} Kd7 {[%clk 0:00:26]} 76. Bb8
{[%clk 0:00:10]} Ke6 {[%clk 0:00:24]} 77. Bf4 {[%clk 0:00:06]} Kd7
{[%clk 0:00:26]} 78. Ke3 {[%clk 0:00:06]} Kc8 {[%clk 0:00:27]} 79. Be5
{[%clk 0:00:07]} Bc6 {[%clk 0:00:25]} 80. Bd4 {[%clk 0:00:07]} Ba8 81. Bc5
{[%clk 0:00:07]} Kd7 {[%clk 0:00:26]} 82. Kf4 {[%clk 0:00:07]} Ke6
{[%clk 0:00:27]} 83. Ke3 {[%clk 0:00:05]} Kd7 {[%clk 0:00:28]} 84. Kd4
{[%clk 0:00:06]} Ke6 {[%clk 0:00:28]} 85. Bb4 {[%clk 0:00:05]} Kd7
{[%clk 0:00:27]} 86. Bd2 {[%clk 0:00:05]} Ke6 {[%clk 0:00:27]} 87. Kc5
{[%clk 0:00:05]} Kd7 {[%clk 0:00:27]} 88. Kb6 {[%clk 0:00:07]} Kc8 89. Bf4
{[%clk 0:00:06]} Kd7 {[%clk 0:00:30]} 90. Be3 0-1